000 nam a22 7a 4500
999 _c5155
_d5155
005 20180326054647.0
008 180326b xxu||||| |||| 00| 0 eng d
020 _a449300021
_bpaperback
040 _beng
_cAPEC Schools Library
_erda
082 _aFIC
_bH874l 1997
100 1 _aHugo, Victor.
245 1 _aLes miserables /
_cVictor Hugo.
264 _aNew York, NY :
_bBallantine Books,
_c©1997.
_d[1997].
300 _ax, 400 pages ;
_c18 cm
336 _2rdacontent
_atext
337 _2rdamedia
_aunmediated
338 _2rdacarrier
_avolume
650 _aDetective and mystery stories.
651 _aFrance.
942 _2ddc
_cBK